KOHA-Header-6

Transnational Criminal Organizations Cybercrime (Record no. 9023)

000 -LEADER
fixed length control field 00285nam a2200109Ia 4500
100 ## - MAIN ENTRY--AUTHOR NAME
Personal name James R.Richard
245 #0 - TITLE STATEMENT
Title Transnational Criminal Organizations Cybercrime
260 ## - PUBLICATION, DISTRIBUTION, ETC. (IMPRINT)
Place of publication london
Name of publisher CRC Press
Year of publication 1997
300 ## - PHYSICAL DESCRIPTION
Number of Pages 652
942 ## - ADDED ENTRY ELEMENTS (KOHA)
Koha item type Books
Holdings
Withdrawn status Lost status Collection code Permanent Location Current Location Shelving location Date acquired Full call number Accession Number Koha item type
    Law MAJU MAJU Shelf No.A46 2019-09-14 658.848 4307 Law

Powered by Koha